Leerboek voor ziekenverpleging opgesteld volgens de officieele leerprogramma's (Record no. 38223)

MARC details
000 -LEADER
fixed length control field 00667cam a22002171 4500
001 - CONTROL NUMBER
control field med47000948
003 - CONTROL NUMBER IDENTIFIER
control field DLC
005 - DATE AND TIME OF LATEST TRANSACTION
control field 20260227111601.0
008 - FIXED-LENGTH DATA ELEMENTS--GENERAL INFORMATION
fixed length control field 820128s1943 xx a 000 0 dut
010 ## - LIBRARY OF CONGRESS CONTROL NUMBER
LC control number med47000948
035 ## - SYSTEM CONTROL NUMBER
System control number (OCoLC)14744953
040 ## - CATALOGING SOURCE
Original cataloging agency DLC
Transcribing agency DNLM
Modifying agency DLC
042 ## - AUTHENTICATION CODE
Authentication code premarc
050 00 - LIBRARY OF CONGRESS CALL NUMBER
Classification number RT41
Item number .D4 1943
060 0# - NATIONAL LIBRARY OF MEDICINE CALL NUMBER
Classification number WY 100
Item number D295L 1943
100 1# - MAIN ENTRY--PERSONAL NAME
Personal name Deckx, Hendrik.
245 10 - TITLE STATEMENT
Title Leerboek voor ziekenverpleging opgesteld volgens de officieele leerprogramma's
Statement of responsibility, etc. door ... Deckx [en andere] ...
250 ## - EDITION STATEMENT
Edition statement 8. druk geheel herzien en bezorgd ...
260 ## - PUBLICATION, DISTRIBUTION, ETC.
Place of publication, distribution, etc. Antwerpen [etc.]
Name of publisher, distributor, etc. Standaard-boekhandel,
Date of publication, distribution, etc. 1943.
300 ## - PHYSICAL DESCRIPTION
Extent 1079 p.
Other physical details ill.

No items available.

Powered by Koha